| 000 | 00607cam a2200217 4500500 | ||
|---|---|---|---|
| 005 | 20260329003626.0 | ||
| 041 | _afre | ||
| 042 | _adc | ||
| 100 | 1 | 0 |
_ade Oliveira, Victorine _eauthor |
| 245 | 0 | 0 | _aJustice |
| 260 | _c2016. | ||
| 500 | _a19 | ||
| 690 | _aBien | ||
| 690 | _aConséquentialisme | ||
| 690 | _aJustice | ||
| 690 | _aMichael J. Sandel | ||
| 690 | _aUtilitarisme | ||
| 690 | _aVertu | ||
| 786 | 0 | _nPhilosophie magazine | 98 | 4 | 2016-04-01 | p. 63-64 | 1951-1787 | |
| 856 | 4 | 1 | _uhttps://shs.cairn.info/magazine-philosophie-magazine-2016-4-page-63?lang=fr&redirect-ssocas=7080 |
| 999 |
_c1826149 _d1826149 |
||